000 00658nam a2200253Ia 4500
003 OSt
005 20221006145117.0
006 a|||||r|||| 00| 0
007 ta
008 221006b |||||||| |||| 00| 0 eng d
020 _c150.00
024 _a13,803
037 _cTextual
040 _aEASL
_cEASL
_beng
041 _2eng
_aeng
082 _aV696:1911(ZB), M3
100 _aJAWATKAR K S
245 0 _aDiego garcia in international diplomacy
260 _aBombay
_bPopular Prakashan
_c1983
300 _a360p.
_ccm.
490 _v Oth
942 _hV696:1911(ZB), M3
_cTEXL
_2CC
999 _c1081889
_d1081889